01506nam a2200253 a 4500003000900000005001700009007000300026008004100029020001500070040002500085082002000110100006300130245008200193260004300275300002100318505063600339590002800975600004401003700003601047910001101083942001401094952012701108999001701235DO-SdBNP20250910122621.0ta220527e2004 dr gr|||| 001 e spa d a9993424137 aDO-SdBNPbspacBNPHU 4axxxxbP421n2221 913174aPepén, Juan F. q (Juan Felix)eMons.d1920-200713aLa nación que Duarte quiso /cJuan F. Pepén ; editor, Raymundo González aSanto Domingo :bCentro Poveda,c2004. a202 p. ; c21 cm aPrimera Parte: El pensamiento.gCapítulo 1.tEl ideal durtiano.--gCapítulo 2.tDuarte y los valores.--gCapítulo 3.tSu Ideario.--gCapítulo 4.tIdentidad Nacional.--gCapítulo 5.tLa Patria.--gCapítulo 6.tSímbolos patrios.--gCapítulo 7.tAnte una crisis.--gCapítulo 8.tLa Reforma necesaria.--gCapítulo 9.tPaz social.--gCapítulo 10.tNuestras instituciones.--gCapítulo 11.tEl bien común.--gCapítulo 12.tPromoción integral.gCapítulo 13.tSiempre adelante.--gCapítulo 14.tJuntos y unidos.--gCapítulo 15.tCon realismo.--gCapítulo 16.tPor un proyecto nacional.--tConclusión. aInventariado, 2022/ MFe10aDuarte, Juan Pablo, d1813-1876914941 aGonzález, Raymundoeed.96373 aMFeliz 2ddccLBS1 00102ddc51708PDaBNPHUbBNPHUcHDd2022-02-09eDonado por Víctor HugooP421p2022-2446r2022-05-27w2022-05-27yLBS1 c51832d51832